Loading...
| Philosophy | 0 | 12 | 2 | 2 | 110 | 54 | 108.25 | 0 | 3 | 0.00 | 0.00 |
| Fine Arts - Classical Music | 0 | 11 | 2 | 3 | 100 | 83 | 114.73 | 0 | 1 | 0.00 | 0.00 |
| Literature - World | 0 | 6 | 0 | 0 | 60 | 60 | 108.67 | 0 | 2 | 0.00 | 0.00 |
| Painting & Sculpture | 0 | 5 | 0 | 0 | 50 | 94 | 104.00 | 0 | 1 | 0.00 | 0.00 |
| Social Science | 0 | 5 | 0 | 0 | 50 | 92 | 111.20 | 0 | 1 | 0.00 | 0.00 |
| Science - Physics | 0 | 5 | 0 | 0 | 50 | 80 | 99.40 | 0 | 2 | 0.00 | 0.00 |
| Science - Other | 0 | 5 | 0 | 1 | 50 | 78 | 115.40 | 0 | 1 | 0.00 | 0.00 |
| Literature - European | 0 | 3 | 0 | 1 | 30 | 111 | 132.67 | 0 | 0 | 0.00 | 0.00 |
| Fine Arts - Other | 0 | 3 | 0 | 2 | 30 | 84 | 108.67 | 0 | 0 | 0.00 | 0.00 |
| Geography | 0 | 3 | 0 | 2 | 30 | 126 | 134.00 | 0 | 0 | 0.00 | 0.00 |
| Any History | 0 | 2 | 0 | 1 | 20 | 109 | 127.50 | 0 | 0 | 0.00 | 0.00 |
| Religion | 0 | 2 | 0 | 0 | 20 | 75 | 80.00 | 0 | 1 | 0.00 | 0.00 |
| History - American | 0 | 2 | 0 | 0 | 20 | 86 | 104.00 | 0 | 1 | 0.00 | 0.00 |
| Literature - American | 0 | 2 | 1 | 0 | 15 | 125 | 128.50 | 0 | 0 | 0.00 | 0.00 |
| Literature - British | 0 | 1 | 0 | 0 | 10 | 130 | 130.00 | 0 | 0 | 0.00 | 0.00 |
| History - European | 0 | 1 | 0 | 0 | 10 | 92 | 92.00 | 0 | 0 | 0.00 | 0.00 |